000 00688cab a2200217 4500
001 WB2419-13
008 090401t1988 xxu||||| |||| 00| 0 eng d
035 _a(Sirsi) u11858
041 _aeng
245 _aLocal authority housing management comes under fire
260 _c1988
350 _a0
490 _aDoE News Release
_vno 252, 11 May 1988 2 pages
520 _aA new report criticises the organisation of housing management in English local authorities .
650 _aCOUNCIL HOUSING
650 _aBUILT ENVIRONMENT-BUILDING MAINTENANCE AND REFURBISHMENT
650 _aPRIORITY ESTATES PROJECT
690 _aBlock management
_96220
942 _n0
948 _c04/03/1997
999 _c7576
_d7576